00854nam a2200229 a 450000100100000000500170001000800410002704000250006808200160009310000620010924501050017126000550027630000210033149000130035249000260036570000400039183000200043183000330045104900090048495201140049399900170060700002875320240229073821.0110412s2000 dr 000 0 spa d aDO-SdBNPbspacBNPHU axxxxbR426r1 aRepública Dominicana.bSuprema Corte de Justicia95575110aRecopilación jurisprudencial :bagosto 1997 - diciembre 1999 /cpresetación Jorge A. Subero Isa. aSanto Domingo :bSuprema Corte de Justicia,c2000. a422 p. ;c21 cm.1 aJudicial1 a"C" Jurisprudenciav212aSubero Isa, Jorge A.,d1947-976863 0aJudicial955752 0a"C" Jurisprudenciav2955753 aBNPD 0010718PDaPDbPDcCTd2011-04-12iLF1l0oxxxx R426rp28753-10r2020-06-25w2020-06-25yLFPDZNo se presta c28245d28245